Well chartered (Record no. 80050)
[ view plain ]
| 000 -LEADER | |
|---|---|
| fixed length control field | 01095cad a22002055a 4500 |
| 001 - CONTROL NUMBER | |
| control field | L143079 |
| 008 - FIXED-LENGTH DATA ELEMENTS--GENERAL INFORMATION | |
| fixed length control field | 080407s2008 xxkd f 000 0 eng d |
| 035 ## - SYSTEM CONTROL NUMBER | |
| System control number | (Sirsi) u143079 |
| 041 0# - LANGUAGE CODE | |
| Language code of text/sound track or separate title | eng |
| 050 04 - LIBRARY OF CONGRESS CALL NUMBER | |
| Classification number | 331.281333 $2 18 |
| 100 1# - MAIN ENTRY--PERSONAL NAME | |
| Personal name | Jones, Ali |
| 245 00 - TITLE STATEMENT | |
| Title | Well chartered |
| 260 ## - PUBLICATION, DISTRIBUTION, ETC. | |
| Date of publication, distribution, etc. | 2008 |
| 490 ## - SERIES STATEMENT | |
| Series statement | RICS Business |
| Volume/sequential designation | April 2008, 18-20(3) |
| 520 ## - SUMMARY, ETC. | |
| Summary, etc. | Reports on the UK 2008 RICS and Macdonald and Company Salary and Benefits Survey (L143032). Suggests that salary increases in 2008 will fall to a little above inflation levels. Notes that there has been a decrease in average salary, but that this is largely due to a significant change in the profile of respondents. These are increasingly drawn from a pool of less senior and experienced professionals. Examines trends in job satisfaction, factors which respondents consider important to their job, and salary and bonus changes. Considers the national picture and global market uncertainty. |
| 590 ## - LOCAL NOTE (RLIN) | |
| Local note | KA |
| 651 #4 - SUBJECT ADDED ENTRY--GEOGRAPHIC NAME | |
| Geographic name | United Kingdom |
| Chronological subdivision | |
| 690 ## - LOCAL SUBJECT ADDED ENTRY--TOPICAL TERM (OCLC, RLIN) | |
| Topical term or geographic name as entry element | MANAGEMENT-BUSINESS MANAGEMENT-HUMAN RESOURCE MANAGEMENT |
| 942 ## - ADDED ENTRY ELEMENTS (KOHA) | |
| Suppress in OPAC | 0 |
| Withdrawn status | Lost status | Source of classification or shelving scheme | Damaged status | Not for loan | Home library | Current library | Shelving location | Date acquired | Total Checkouts | Full call number | Barcode | Date last seen | Copy number | Price effective from | Koha item type |
|---|---|---|---|---|---|---|---|---|---|---|---|---|---|---|---|
| Dewey Decimal Classification | London | London | Journal article | 07/04/2008 | L143079 | 143079-2001 | 06/08/2019 | 1 | 06/08/2019 | Journal article |